Revixit ars: arte e ideologia a Roma. Dai modelli ellenistici alla tradizione repubblicana

Na minha lista:
Detalhes bibliográficos
Autor principal: Coarelli, Filippo (Author)
Formato: Livro
Idioma:Língua italiana
Publicado em: Roma Edizioni Quasar 1996
Edição:1a. ed
Assuntos:
Tags: Adicionar Tag
Sem tags, seja o primeiro a adicionar uma tag!

MARC

LEADER 00000cam a2200000 a 4500
001 UCD8599
003 CL-VaPUC
008 170519e19960000it |||||||||||||||||ita|d
020 |a 8871400925 
082 0 4 |a 709.015  |b COA  |2 21 
100 0 |a Coarelli, Filippo  |e author  |9 592096 
245 1 0 |a Revixit ars: arte e ideologia a Roma. Dai modelli ellenistici alla tradizione repubblicana 
250 |a 1a. ed 
300 |a 595 p 
942 |c BK 
945 |d 20170519 15:42:00  |a dcastane 
260 |a Roma  |b Edizioni Quasar  |c 1996 
650 0 |a Arte romano  |9 267838 
650 0 |a Arte griego  |9 267884 
650 0 |a Arte antiguo  |9 330766 
650 0 |a Historia del arte  |9 314877 
583 |a last modification  |c 20170519 15:42:00  |k Rodrigo Vera 
999 |c 367957  |d 367955 
952 |0 0  |1 0  |3 erd  |4 0  |6 709_015000000000000_COA_1996  |7 0  |8 A  |9 483189  |a FDOLAF  |b FDOLAF  |e Laffi, Umberto, 1939-  |i 5391628  |o 709.015 COA 1996  |p 5391628  |r 2024-01-30  |w 2019-11-24  |y BK  |z Catalogado en:20170519  |k LAF